|
|
|
|
| LEADER |
00829nam a2200217Ia 4500 |
| 001 |
CTU_191328 |
| 008 |
210402s9999 xx 000 0 und d |
| 020 |
|
|
|c 45000
|
| 082 |
|
|
|a 428.0076
|
| 082 |
|
|
|b Ch300
|
| 100 |
|
|
|a Nguyễn, Thị Chi
|
| 245 |
|
0 |
|a Bài tập bổ trợ - nâng cao tiếng Anh 10 :
|
| 245 |
|
0 |
|b Sách tham dự cuộc thi Viết sách bài tập và sách tham khảo của Bộ Giáo dục và Đào tạo
|
| 245 |
|
0 |
|c Nguyễn Thị Chi, Nguyễn Hữu Cương (Chủ biên)
|
| 260 |
|
|
|a Hà Nội
|
| 260 |
|
|
|b Giáo dục Việt Nam
|
| 260 |
|
|
|c 2014
|
| 650 |
|
|
|a English language,Tiếng Anh
|
| 650 |
|
|
|x Problems, exercises, etc,Câu hỏi, bài tập
|
| 904 |
|
|
|i Bằng
|
| 980 |
|
|
|a Trung tâm Học liệu Trường Đại học Cần Thơ
|